000 00301nam a22001337a 4500
008 170407b xxu||||| |||| 00| 0 eng d
020 _a9780781764650
041 _aeng
080 _a616
100 _a9
101 _aSHM
245 _aUNDERGROUND CLINICAL VIGNETTES
_cSWANSON, T.A
942 _2udc
_cBK
999 _c10135
_d10135